[Event "17. Torneo Magistral de Elgoibar"]
[Site "Elgoibar ESP"]
[Date "2007.12.16"]
[Round "9.1"]
[White "Gonzalez de la Torre, Santiago"]
[Black "Prie, Eric"]
[Result "1/2-1/2"]
[PlyCount "119"]
[EventDate "2007.12.10"]
[EventType "tourn"]
[EventRounds "9"]
[EventCountry "ESP"]
[Source "lmi"]
[SourceDate "2007.12.10"]
[WhiteElo "2399"]
[BlackElo "2532"]

1. e4 c6 2. d4 d5 3. Nd2 dxe4 4. Nxe4 Nd7 5. Ng5 Ngf6 6. Bd3 Qc7 7. N1f3 h6 8.
Ne6 fxe6 9. Bg6+ Kd8 10. O-O b6 11. c4 Bb7 12. Re1 Qd6 13. Qc2 c5 14. Ne5 Nxe5
15. dxe5 Qc6 16. f3 Nd7 17. h4 h5 18. Bg5 b5 19. Rad1 Kc7 20. Qd2 Rd8 21. b3
bxc4 22. bxc4 Qa4 23. Kh2 Qxc4 24. Qa5+ Kc8 25. Be4 Qa6 26. Bxb7+ Qxb7 27. Rb1
Nb6 28. Qxc5+ Kb8 29. a4 Rd5 30. Qb4 Qa6 31. Bd2 Ka8 32. a5 Nd7 33. Qe4 g5 34.
Qg6 Bh6 35. hxg5 Rxd2 36. gxh6 Qd3 37. Qg7 Qh7 38. Rec1 Qxg7 39. hxg7 Rg8 40.
Rc7 Nxe5 41. Rbb7 Nc6 42. a6 Ra2 43. Rxc6 Rxa6 44. Rxa6 Kxb7 45. Rxe6 Rxg7 46.
Rh6 a5 47. Rxh5 Kb6 48. Re5 a4 49. g4 Rg8 50. Rxe7 a3 51. Re1 a2 52. Ra1 Ra8
53. Kg3 Kc5 54. Kf4 Kd6 55. Kf5 Ke7 56. Kg6 Kf8 57. f4 Ra6+ 58. Kg5 Kg7 59. f5
Ra4 60. f6+ 1/2-1/2

[Event "17. Torneo Magistral de Elgoibar"]
[Site "Elgoibar ESP"]
[Date "2007.12.16"]
[Round "9.2"]
[White "Paunovic, Dragan"]
[Black "Vega Gutierrez, Sabrina Neide"]
[Result "1-0"]
[PlyCount "99"]
[EventDate "2007.12.10"]
[EventType "tourn"]
[EventRounds "9"]
[EventCountry "ESP"]
[Source "lmi"]
[SourceDate "2007.12.10"]
[WhiteElo "2535"]
[BlackElo "2331"]

1. d4 d5 2. Nf3 c6 3. c4 e6 4. e3 Nf6 5. Bd3 dxc4 6. Bxc4 b5 7. Bd3 Bb7 8. O-O
Nbd7 9. Qe2 a6 10. a4 Be7 11. e4 c5 12. e5 Nd5 13. axb5 axb5 14. Rxa8 Bxa8 15.
Bxb5 O-O 16. Nc3 Qc7 17. Nxd5 Bxd5 18. Be3 cxd4 19. Bxd4 Rb8 20. Bd3 h6 21. Ra1
Bc5 22. Rc1 Qa5 23. Bc3 Bb4 24. Bd4 Bc5 25. Qe3 Bxd4 26. Qxd4 g6 27. h3 Kg7 28.
Be2 Qb4 29. Qxb4 Rxb4 30. Rc2 Be4 31. Rd2 Bxf3 32. Bxf3 Nxe5 33. Be2 g5 34. Kf1
Nc6 35. Rc2 Rb6 36. Bc4 Nd4 37. Rd2 e5 38. b3 Rb7 39. Rb2 Rb4 40. Ke1 Nc6 41.
Ra2 Nd4 42. Kd2 f5 43. Ra7+ Kf6 44. Ra6+ Kg7 45. Kc3 Rb8 46. b4 Nb5+ 47. Bxb5
Rxb5 48. Ra5 Rb8 49. Rxe5 Kf6 50. Rc5 1-0

[Event "17. Torneo Magistral de Elgoibar"]
[Site "Elgoibar ESP"]
[Date "2007.12.16"]
[Round "9.3"]
[White "Lariño Nieto, David"]
[Black "Gomez Esteban, Juan Mario"]
[Result "0-1"]
[PlyCount "84"]
[EventDate "2007.12.10"]
[EventType "tourn"]
[EventRounds "9"]
[EventCountry "ESP"]
[Source "lmi"]
[SourceDate "2007.12.10"]
[WhiteElo "2428"]
[BlackElo "2490"]

1. e4 c6 2. d4 d5 3. e5 Bf5 4. Nd2 e6 5. Nb3 Nd7 6. Nf3 h6 7. Be2 Ne7 8. O-O
Bh7 9. Bd2 Ng6 10. Rc1 Be7 11. c4 dxc4 12. Bxc4 O-O 13. Re1 a5 14. Bf1 Nh4 15.
Nxh4 Bxh4 16. a4 Be7 17. Re3 Bg5 18. Rg3 Bxd2 19. Qxd2 Kh8 20. Bd3 Bxd3 21.
Qxd3 Qe7 22. Rc3 Rad8 23. Qe2 f6 24. Rge3 fxe5 25. dxe5 Nb6 26. Re4 Nd5 27. Rf3
Rxf3 28. Qxf3 Rf8 29. Qe2 Nf4 30. Qf1 Qf7 31. f3 Qc7 32. Qc4 Nd5 33. Qc5 Qf7
34. Qxa5 Nf4 35. Qd2 g5 36. Nd4 Rd8 37. Qc2 Rd5 38. Ne2 Qd7 39. Re3 Rd2 40. Qe4
Rd1+ 41. Kf2 Qd2 42. Kg3 Qe1+ 0-1